Statistics for Duolingo Languages for English speakers

Click here to take the quiz!

General Stats

  • This quiz has been taken 35 times
  • The average score is 28 of 36

Answer Stats

Most learnAnswer% Correct
7Chinese
100%
2French
100%
4Japanese
100%
1Spanish
100%
3German
97%
6Korean
97%
10Portuguese
97%
8Russian
97%
15Swedish
97%
9Arabic
93%
24Danish
93%
13Dutch
93%
11Hindi
93%
17Irish
93%
5Italian
90%
19Norwegian
90%
18Polish
90%
36Finnish
86%
16Greek
86%
30Swahili
86%
12Turkish
86%
26Romanian
79%
32Ukrainian
79%
31Hungarian
76%
28Czech
69%
21Vietnamese
69%
14Latin
59%
25Indonesian
55%
27Welsh
55%
35Esperanto
52%
20Hebrew
52%
34Navajo
45%
22Hawaiian
41%
33Klingon
31%
29Scottish Gaelic
28%
23High Valyrian
24%

Score Distribution

Percentile by Number Answered

Percent of People with Each Score

Your Score History

You have not taken this quiz